000 00785nam a2200217 a 4500
001 000034583
005 20200930073759.0
008 111010s1948 dr 000 0 spa d
040 _aDO-SdBNP
_bspa
_cBNPHU
082 _axxxx
_bG216s
100 1 _aGarcia, Juan Fco.
_960019
245 1 0 _aSuites de impresiones para piano /
_cJuan Fco. Garcia.
260 _aSanto Domingo :
_bUniversidad de Santo Domingo,
_c1948.
300 _a25 p. ;
_c30 cm.
490 1 _aPublicaciones de la Universidad de Santo Domingo
_v56
490 1 _aMusicología
_vno. 1
505 0 _gI.
_tPreludio
_gII.
_tIncoherencia
_gIII.
_tSolaz
_gIV.
_tScherzo
_gV.
_tObsesion
_gVI.
_tMerengue.
830 0 _aPublicaciones de la Universidad de Santo Domingo
_v56
_9818
830 0 _aMusicología
_vno. 1
_960020
049 _aBNPD
999 _c34074
_d34074